[Event "WC-2015-Q-00006"]
[Site "LSS email"]
[Date "2012.09.11"]
[Round "?"]
[White "Kizimenko, Nikolay Nikolaevich"]
[Black "Bergmann, Michael"]
[Result "1/2-1/2"]
[WhiteElo "2329"]
[BlackElo "2404"]
[PlyCount "50"]
[EventDate "2012.09.17"]
[EventType "tourn (corr)"]
[EventRounds "10"]
[EventCountry "GER"]
[SourceTitle "Telechess CBM 163"]
[Source "ChessBase"]
[SourceDate "2014.11.11"]
[SourceVersion "2"]
[SourceVersionDate "2014.11.11"]
[SourceQuality "1"]

1. e4 e5 2. Nf3 Nc6 3. Bb5 a6 4. Ba4 Nf6 5. 0-0 Be7 6. Re1 b5 7. Bb3 d6 8. c3 0-0 9. h3 Nb8 10. d4 Nbd7 11. Nbd2 Bb7 12. Bc2 Re8 13. Nf1 Bf8 14. Ng3 g6 15. a4 c5 16. d5 c4 17. Bg5 Be7 18. Be3 Qc7 19. Ra3 Nc5 20. Qe2 Nfd7 21. Rea1 Nb6 22. axb5 axb5 23. Nh2 Rxa3 24. Rxa3 Bc8 25. Ng4 Bxg4 1/2-1/2

[Event "WC-2015-Q-00006"]
[Site "LSS email"]
[Date "2012.09.11"]
[Round "?"]
[White "Kizimenko, Nikolay Nikolaevich"]
[Black "Dziedzina, Michael"]
[Result "1-0"]
[WhiteElo "2329"]
[BlackElo "2223"]
[PlyCount "81"]
[EventDate "2012.09.17"]
[EventType "tourn (corr)"]
[EventRounds "10"]
[EventCountry "GER"]
[SourceTitle "Telechess CBM 163"]
[Source "ChessBase"]
[SourceDate "2014.11.11"]
[SourceVersion "2"]
[SourceVersionDate "2014.11.11"]
[SourceQuality "1"]

1. d4 Nf6 2. c4 c5 3. d5 e6 4. Nc3 exd5 5. cxd5 d6 6. Nf3 g6 7. Bf4 a6 8. a4 Bg7 9. h3 0-0 10. e3 Nh5 11. Bh2 f5 12. Be2 Qe7 13. 0-0 f4 14. exf4 Nxf4 15. Re1 Nd7 16. Bxa6 Ne5 17. Bf1 Nxf3+ 18. Qxf3 Qf7 19. Kh1 g5 20. Nb5 Qg6 21. Qb3 Bf5 22. Bxf4 Bc2 23. Qg3 Rxf4 24. Nc7 Rc8 25. Ne6 Bxb2 26. Ra2 Be5 27. Nxf4 gxf4 28. Qf3 Bf5 29. a5 Qf6 30. a6 bxa6 31. Rxa6 Rc7 32. Bd3 Bg6 33. Bxg6 hxg6 34. Qb3 Kh7 35. Qb8 Rg7 36. Re4 Qe7 37. g3 g5 38. Qb1 Kh6 39. Ra8 Rf7 40. Rg8 Qb7 41. Rg6+ 1-0

[Event "WC-2015-Q-00006"]
[Site "LSS email"]
[Date "2012.09.11"]
[Round "?"]
[White "Kizimenko, Nikolay Nikolaevich"]
[Black "Nichols, Scott"]
[Result "1/2-1/2"]
[WhiteElo "2329"]
[BlackElo "2253"]
[PlyCount "105"]
[EventDate "2012.09.17"]
[EventType "tourn (corr)"]
[EventRounds "10"]
[EventCountry "GER"]
[SourceTitle "Telechess CBM 163"]
[Source "ChessBase"]
[SourceDate "2014.11.11"]
[SourceVersion "2"]
[SourceVersionDate "2014.11.11"]
[SourceQuality "1"]

1. e4 c5 2. Nf3 d6 3. d4 cxd4 4. Nxd4 Nf6 5. Nc3 a6 6. Be3 e5 7. Nb3 Be7 8. f3 Be6 9. Qd2 h5 10. Be2 Nbd7 11. Nd5 Bxd5 12. exd5 0-0 13. 0-0 b6 14. c4 h4 15. Bd3 Re8 16. Kh1 Rc8 17. Rae1 a5 18. a4 h3 19. Rg1 e4 20. fxe4 Ng4 21. Bf4 Bf6 22. Bxd6 Nde5 23. Bxe5 Nxe5 24. Qe2 Qc7 25. Nd2 g6 26. Ref1 Kg7 27. g4 Rh8 28. b3 Rcf8 29. Nb1 Be7 30. Nc3 Bc5 31. Rg3 Rh4 32. Nb5 Qe7 33. Qd1 Qg5 34. Be2 Rd8 35. Qc2 Re8 36. Qc3 Kg8 37. Rxh3 Rxh3 38. Qxh3 Qd2 39. Qg2 Qe3 40. Bd1 Kg7 41. Qg3 Qxe4+ 42. Qg2 Qd3 43. Qe2 Qxe2 44. Bxe2 Nd7 45. Bd1 Re3 46. Kg2 Nf6 47. d6 Rd3 48. Bf3 Rd2+ 49. Kg3 Ne8 50. Rd1 Rxd1 51. Bxd1 Nxd6 52. Nc3 g5 53. Nd5 1/2-1/2

[Event "WC-2015-Q-00006"]
[Site "LSS email"]
[Date "2012.09.11"]
[Round "?"]
[White "Narkun, Michal"]
[Black "Kizimenko, Nikolay Nikolaevich"]
[Result "1/2-1/2"]
[WhiteElo "2220"]
[BlackElo "2329"]
[PlyCount "37"]
[EventDate "2012.09.17"]
[EventType "tourn (corr)"]
[EventRounds "10"]
[EventCountry "GER"]
[SourceTitle "Corr 2015"]
[Source "ChessBase"]
[SourceDate "2015.07.17"]
[SourceVersion "1"]
[SourceVersionDate "2015.07.17"]
[SourceQuality "1"]

1. d4 Nf6 2. c4 e6 3. Nc3 Bb4 4. f3 d5 5. a3 Bxc3+ 6. bxc3 0-0 7. cxd5 exd5 8. e3 Nh5 9. Ne2 Re8 10. g3 Nc6 11. Bg2 Nf6 12. 0-0 Na5 13. Nf4 b6 14. Ra2 Bb7 15. Re1 c5 16. Rae2 Ba6 17. Rf2 Bb7 18. Rfe2 Ba6 19. Rf2 1/2-1/2

[Event "LSS WC-2012-T-00004"]
[Site "LSS email"]
[Date "2010.12.19"]
[Round "?"]
[White "Kizimenko, Nikolay Nikolaevich"]
[Black "Noble, Mark Frederick"]
[Result "1/2-1/2"]
[WhiteElo "2338"]
[BlackElo "2424"]
[PlyCount "20"]
[EventDate "2010.12.18"]
[EventType "tourn (corr)"]
[EventRounds "10"]
[EventCountry "GER"]
[SourceTitle "Corr 2015"]
[Source "ChessBase"]
[SourceDate "2015.07.17"]
[SourceVersion "1"]
[SourceVersionDate "2015.07.17"]
[SourceQuality "1"]

1. d4 d5 2. c4 c6 3. Nf3 Nf6 4. Nc3 e6 5. g3 Nbd7 6. Qd3 Be7 7. Bg2 0-0 8. 0-0 b6 9. Rd1 Ba6 10. b3 Qc8 1/2-1/2

[Event "LSS WC-2012-T-00004"]
[Site "LSS email"]
[Date "2010.12.19"]
[Round "?"]
[White "Van Seben, Edgar"]
[Black "Kizimenko, Nikolay Nikolaevich"]
[Result "1/2-1/2"]
[WhiteElo "2426"]
[BlackElo "2338"]
[PlyCount "38"]
[EventDate "2010.12.18"]
[EventType "tourn (corr)"]
[EventRounds "10"]
[EventCountry "GER"]
[SourceTitle "Telechess CBM 157"]
[Source "ChessBase"]
[SourceDate "2013.11.12"]
[SourceVersion "1"]
[SourceVersionDate "2013.11.12"]
[SourceQuality "1"]

1. d4 Nf6 2. c4 e6 3. Nc3 Bb4 4. Qc2 0-0 5. a3 Bxc3+ 6. Qxc3 b6 7. Bg5 Bb7 8. f3 h6 9. Bh4 d5 10. e3 Nbd7 11. cxd5 Nxd5 12. Bxd8 Nxc3 13. Bh4 Nd5 14. Bf2 c5 15. e4 Ne7 16. Ne2 f5 17. exf5 Nxf5 18. dxc5 Nxc5 19. Nc3 Rfd8 1/2-1/2

[Event "SM-2010-0-00126"]
[Site "LSS email"]
[Date "2010.10.27"]
[Round "?"]
[White "Kizimenko, Nikolay Nikolaevich"]
[Black "Salzmann, Stefan"]
[Result "1-0"]
[WhiteElo "2338"]
[BlackElo "2149"]
[PlyCount "39"]
[EventDate "2010.09.18"]
[EventType "tourn (corr)"]
[EventRounds "6"]
[EventCountry "GER"]
[SourceTitle "Telechess CBM 157"]
[Source "ChessBase"]
[SourceDate "2013.11.12"]
[SourceVersion "1"]
[SourceVersionDate "2013.11.12"]
[SourceQuality "1"]

1. e4 e5 2. Nf3 d6 3. d4 exd4 4. Nxd4 Nf6 5. Nc3 Be7 6. Bf4 0-0 7. Qd2 c6 8. 0-0-0 b5 9. f3 b4 10. Na4 Bd7 11. g4 c5 12. Nf5 Bxa4 13. Nxe7+ Qxe7 14. Bxd6 Qe6 15. b3 Rd8 16. Bc4 Qe8 17. e5 Nfd7 18. e6 fxe6 19. Rhe1 Nf8 20. bxa4 1-0

[Event "SM-2010-0-00126"]
[Site "LSS email"]
[Date "2010.10.27"]
[Round "?"]
[White "Simmelink, Joop Theo"]
[Black "Kizimenko, Nikolay Nikolaevich"]
[Result "0-1"]
[WhiteElo "2177"]
[BlackElo "2338"]
[PlyCount "184"]
[EventDate "2010.09.18"]
[EventType "tourn (corr)"]
[EventRounds "6"]
[EventCountry "GER"]
[SourceTitle "Telechess CBM 157"]
[Source "ChessBase"]
[SourceDate "2013.11.12"]
[SourceVersion "1"]
[SourceVersionDate "2013.11.12"]
[SourceQuality "1"]

1. e4 c5 2. Nf3 d6 3. d4 cxd4 4. Nxd4 Nf6 5. Nc3 a6 6. Bg5 e6 7. f4 Nbd7 8. Qe2 Qc7 9. 0-0-0 Be7 10. g3 h6 11. Bh4 0-0 12. Bg2 Nb6 13. Rhe1 Re8 14. Kb1 Bd7 15. Rd3 Rac8 16. e5 dxe5 17. fxe5 Nfd5 18. Nxd5 Nxd5 19. Bxe7 Nxe7 20. Qf2 Ng6 21. Rb3 b5 22. Qe3 Red8 23. Bf3 Be8 24. Rc3 Qb6 25. Rxc8 Rxc8 26. a3 b4 27. axb4 Qxb4 28. c3 Qb8 29. Bd1 a5 30. Bc2 Ne7 31. Qd3 g6 32. Ka1 a4 33. Qa6 Rc7 34. Rb1 Nd5 35. Be4 Ne3 36. Bd3 Rc5 37. Qd6 Qa7 38. Qd8 Qd7 39. Qa8 Ng4 40. Be2 Nxe5 41. Rd1 Rc8 42. Qa6 Qc7 43. Nb5 Bxb5 44. Bxb5 a3 45. Qxa3 Rb8 46. Qa6 Qc5 47. Be2 Qf2 48. Rd2 Nf3 49. Rd7 Nxh2 50. Qd3 Nf1 51. Rd8+ Rxd8 52. Qxd8+ Kg7 53. Bxf1 Qxf1+ 54. Ka2 Qc4+ 55. Ka3 e5 56. Qd6 e4 57. Qe5+ Kh7 58. b3 Qa6+ 59. Kb4 Qd3 60. Qe7 Qf3 61. Qb7 Kg7 62. Qd5 h5 63. c4 Qxg3 64. Qxe4 h4 65. Qd4+ f6 66. Qd7+ Kh6 67. c5 h3 68. Qd2+ g5 69. Qd6 Qf4+ 70. Qxf4 gxf4 71. c6 f3 72. c7 f2 73. c8Q f1Q 74. Qf8+ Kg6 75. Qg8+ Kf5 76. Qh7+ Kf4 77. Qh4+ Ke3 78. Qg3+ Qf3 79. Qe1+ Kd3 80. Qb1+ Ke2 81. Ka3 Qa8+ 82. Kb2 Qd5 83. Qh7 Qe5+ 84. Ka3 h2 85. Qc2+ Kf3 86. Qd3+ Kg4 87. Qg6+ Kf4 88. Qh6+ Ke4 89. Qh4+ Kd5 90. Qc4+ Kd6 91. Qa6+ Ke7 92. Qb7+ Ke6 0-1

[Event "LSS RM-2010-0-00059"]
[Site "LSS email"]
[Date "2010.09.16"]
[Round "?"]
[White "Fages, Jorge Juan"]
[Black "Kizimenko, Nikolay Nikolaevich"]
[Result "1/2-1/2"]
[WhiteElo "2184"]
[BlackElo "2302"]
[PlyCount "50"]
[EventDate "2010.07.05"]
[EventType "tourn (corr)"]
[EventRounds "6"]
[EventCountry "GER"]
[SourceTitle "Telechess CBM 143"]
[Source "ChessBase"]
[SourceDate "2011.07.15"]
[SourceVersion "1"]
[SourceVersionDate "2011.07.15"]
[SourceQuality "1"]

1. d4 Nf6 2. c4 e6 3. Nc3 Bb4 4. e3 0-0 5. Bd3 d5 6. Nf3 c5 7. 0-0 Nc6 8. a3 Bxc3 9. bxc3 dxc4 10. Bxc4 Qc7 11. Ba2 e5 12. h3 e4 13. Nh2 Na5 14. f3 b6 15. Qe2 c4 16. Bb2 exf3 17. Rxf3 Ne4 18. Rf4 Bb7 19. Ng4 f6 20. Re1 Nb3 21. Qc2 Rfe8 22. Bxb3 cxb3 23. Qxb3+ Kh8 24. Nf2 Nd6 25. e4 Rac8 1/2-1/2

[Event "LSS RM-2010-0-00052"]
[Site "LSS email"]
[Date "2010.06.02"]
[Round "?"]
[White "Slamenik, Jan"]
[Black "Kizimenko, Nikolay Nikolaevich"]
[Result "1/2-1/2"]
[WhiteElo "800"]
[BlackElo "2295"]
[PlyCount "64"]
[EventDate "2010.04.14"]
[EventType "tourn (corr)"]
[EventRounds "6"]
[EventCountry "GER"]
[SourceTitle "Telechess CBM 147"]
[Source "ChessBase"]
[SourceDate "2012.03.16"]
[SourceVersion "1"]
[SourceVersionDate "2012.03.16"]
[SourceQuality "1"]

1. e4 c5 2. Nf3 d6 3. d4 cxd4 4. Nxd4 Nf6 5. Nc3 a6 6. Be3 e6 7. f3 b5 8. Qd2 Nbd7 9. 0-0-0 Bb7 10. a3 Rc8 11. g4 Ne5 12. Rg1 Nc4 13. Bxc4 Rxc4 14. g5 Nd7 15. f4 Qa5 16. f5 Rxc3 17. fxe6 fxe6 18. Nb3 Qc7 19. Qxc3 Qxc3 20. bxc3 Bxe4 21. a4 Ne5 22. Nd2 Bd5 23. axb5 axb5 24. Rdf1 Nc4 25. Nxc4 Bxc4 26. Re1 Kf7 27. Kd2 Be7 28. Ra1 Kg6 29. Ra7 Re8 30. Rga1 e5 31. h4 Kh5 32. Bf2 h6 1/2-1/2

[Event "SM-2010-0-00097"]
[Site "LSS email"]
[Date "2010.03.08"]
[Round "?"]
[White "Kizimenko, Nikolay Nikolaevich"]
[Black "Janosi, Ervin"]
[Result "1-0"]
[WhiteElo "2306"]
[BlackElo "2101"]
[PlyCount "57"]
[EventDate "2010.01.14"]
[EventType "tourn (corr)"]
[EventRounds "6"]
[EventCountry "GER"]
[SourceTitle "Corr 2013"]
[Source "ChessBase"]
[SourceDate "2012.11.12"]
[SourceVersion "1"]
[SourceVersionDate "2012.11.12"]
[SourceQuality "1"]
[WhiteTeam "US of America"]
[BlackTeam "US of America"]
[WhiteTeamCountry "USA"]
[BlackTeamCountry "USA"]

1. e4 e5 2. Nf3 Nc6 3. Bb5 a6 4. Ba4 Nf6 5. 0-0 b5 6. Bb3 Be7 7. Re1 0-0 8. h3 d6 9. c3 Na5 10. Bc2 c5 11. d4 Qc7 12. Nbd2 Nc6 13. d5 Na5 14. b3 Nb7 15. Nf1 Bd7 16. Ng3 c4 17. b4 a5 18. Nf5 Bxf5 19. exf5 axb4 20. cxb4 Rfb8 21. Nh2 Nd8 22. g4 h6 23. h4 Nh7 24. g5 hxg5 25. f6 Nxf6 26. hxg5 Nh7 27. Bxh7+ Kxh7 28. Qh5+ Kg8 29. Ng4 1-0

[Event "SM-2010-0-00097"]
[Site "LSS email"]
[Date "2010.03.08"]
[Round "?"]
[White "Tavani, Alberto"]
[Black "Kizimenko, Nikolay Nikolaevich"]
[Result "1/2-1/2"]
[WhiteElo "2278"]
[BlackElo "2312"]
[PlyCount "123"]
[EventDate "2010.01.14"]
[EventType "tourn (corr)"]
[EventRounds "6"]
[EventCountry "GER"]
[SourceTitle "Telechess CBM 141"]
[Source "ChessBase"]
[SourceDate "2011.03.17"]
[SourceVersion "1"]
[SourceVersionDate "2011.03.17"]
[SourceQuality "1"]

1. d4 Nf6 2. c4 e6 3. Nf3 d5 4. Nc3 Bb4 5. cxd5 exd5 6. Bg5 Nbd7 7. e3 c5 8. Be2 Qa5 9. 0-0 0-0 10. Nd2 Bxc3 11. bxc3 Qxc3 12. Rc1 Qa5 13. Nb3 Qxa2 14. dxc5 Qa4 15. Bf4 Re8 16. Ra1 Qb4 17. Qc2 Ne4 18. Rfc1 a5 19. c6 Nf8 20. f3 Nf6 21. Rcb1 Qe7 22. cxb7 Bxb7 23. Nxa5 Rec8 24. Qa4 Ba6 25. Nc6 Qc5 26. Bxa6 Rxc6 27. Qb5 Qc2 28. Qd3 Qc5 29. Bg3 Ne6 30. Bb5 Rxa1 31. Rxa1 Rc8 32. Rb1 Rd8 33. Bf2 h6 34. Qd2 d4 35. exd4 Nxd4 36. Bf1 Qf5 37. Rb3 Ne6 38. Rd3 Rxd3 39. Bxd3 Qd5 40. Qc3 Qd8 41. g3 Ng5 42. Kg2 Qd7 43. Qb3 Qh3+ 44. Kh1 Qc8 45. Be2 Qe6 46. Qd1 Qa2 47. Kg2 Nd5 48. Kf1 Ne6 49. Qc1 Ne7 50. Qc3 Qa4 51. h4 g5 52. Qf6 Qa3 53. Be1 Nd5 54. Qe5 Qb3 55. hxg5 Nxg5 56. f4 Ne3+ 57. Kg1 Qb1 58. Qe8+ Kg7 59. Qxe3 Qxe1+ 60. Kg2 Ne6 61. Qe5+ Kg8 62. Qb8+ 1/2-1/2

[Event "LSS SM-2009-0-00078"]
[Site "LSS email"]
[Date "2009.10.20"]
[Round "?"]
[White "Kizimenko, Nikolay Nikolaevich"]
[Black "Gates, Roy"]
[Result "0-1"]
[WhiteElo "2312"]
[BlackElo "2315"]
[PlyCount "60"]
[EventDate "2009.09.23"]
[EventType "tourn (corr)"]
[EventRounds "6"]
[EventCountry "GER"]
[SourceTitle "Corr 2013"]
[Source "ChessBase"]
[SourceDate "2012.11.12"]
[SourceVersion "1"]
[SourceVersionDate "2012.11.12"]
[SourceQuality "1"]
[WhiteTeam "US of America"]
[BlackTeam "US of America"]
[WhiteTeamCountry "USA"]
[BlackTeamCountry "USA"]

1. e4 c5 2. Nf3 d6 3. d4 cxd4 4. Nxd4 Nf6 5. Nc3 a6 6. Be3 e5 7. Nb3 Be6 8. f3 h5 9. Qd2 Nbd7 10. 0-0-0 Be7 11. Kb1 b5 12. Nd5 Bxd5 13. exd5 Nb6 14. Bxb6 Qxb6 15. Na5 Rc8 16. Nc6 Nxd5 17. Nxe7 Nxe7 18. Qxd6 Qxd6 19. Rxd6 Nc6 20. c3 Ke7 21. Rd2 Rhd8 22. Bd3 g6 23. f4 exf4 24. a4 Ne5 25. Re1 Kf6 26. Kc2 Nxd3 27. Rxd3 Rxd3 28. Kxd3 Rd8+ 29. Kc2 g5 30. b3 g4 0-1

[Event "IECG CM.2005.0.00293"]
[Site "IECG email"]
[Date "2005.12.18"]
[Round "?"]
[White "Kizimenko, Nikolay Nikolaevich"]
[Black "Gusakov, Viktor Vladimirovic"]
[Result "1/2-1/2"]
[WhiteElo "2284"]
[BlackElo "2301"]
[PlyCount "51"]
[EventDate "2005.12.18"]
[EventType "tourn (corr)"]
[EventRounds "6"]
[SourceTitle "Corr 2008"]
[Source "ChessBase"]
[SourceDate "2008.06.24"]
[SourceVersion "1"]
[SourceVersionDate "2008.06.24"]
[SourceQuality "1"]

1. e4 c5 2. Nf3 d6 3. d4 cxd4 4. Nxd4 Nf6 5. Nc3 a6 6. Be3 e5 7. Nb3 Be6 8. f3 Be7 9. Qd2 0-0 10. 0-0-0 Nbd7 11. g4 b5 12. g5 b4 13. Ne2 Ne8 14. f4 a5 15. Kb1 a4 16. Nbc1 exf4 17. Bxf4 Nc5 18. Bg2 b3 19. cxb3 axb3 20. a3 d5 21. Nd4 Nd6 22. Nxe6 fxe6 23. Bxd6 Qxd6 24. h4 Ra4 25. exd5 e5 26. h5 1/2-1/2

[Event "IECG CM.2005.0.00293"]
[Site "IECG email"]
[Date "2005.12.18"]
[Round "?"]
[White "Rosso, Pier Andrea"]
[Black "Kizimenko, Nikolay Nikolaevich"]
[Result "1/2-1/2"]
[WhiteElo "2249"]
[BlackElo "2284"]
[PlyCount "137"]
[EventDate "2005.12.18"]
[EventType "tourn (corr)"]
[EventRounds "6"]
[SourceTitle "Corr 2008"]
[Source "ChessBase"]
[SourceDate "2008.06.24"]
[SourceVersion "1"]
[SourceVersionDate "2008.06.24"]
[SourceQuality "1"]

1. d4 Nf6 2. Bf4 g6 3. e3 Bg7 4. Nf3 0-0 5. Be2 d6 6. 0-0 c5 7. c3 Qb6 8. Nbd2 Be6 9. Ng5 Bd7 10. Nc4 Qc7 11. h3 h6 12. Nf3 Rc8 13. Re1 Be6 14. Ncd2 cxd4 15. exd4 Nc6 16. Bd3 Qd7 17. Qe2 Nd5 18. Bh2 Nc7 19. a4 Re8 20. Nc4 Rac8 21. Ne3 Nd5 22. Nf1 Nc7 23. a5 Bf5 24. Bc4 Be6 25. Bxe6 Qxe6 26. Ne3 Qd7 27. Qd2 e6 28. Nc4 Bf8 29. Qd3 Nd5 30. Nfd2 f5 31. g4 Kh7 32. Kh1 Be7 33. gxf5 gxf5 34. Qe2 Nd8 35. Rg1 Nf7 36. Qh5 Nh8 37. Ne3 Nf6 38. Qf3 Rg8 39. d5 Nxd5 40. Nxd5 exd5 41. Qxd5 Rxg1+ 42. Rxg1 Qc6 43. Qxc6 Rxc6 44. Nb3 Bf6 45. Rd1 Nf7 46. Bf4 Ne5 47. Nd4 Rc5 48. Ne6 Rxa5 49. Rxd6 b6 50. Kg2 Kg6 51. b3 Nf7 52. Rc6 Ne5 53. Rc7 Nd3 54. Rd7 Nxf4+ 55. Nxf4+ Kg5 56. Nd5 Bh8 57. c4 Ra3 58. f4+ Kh5 59. Ne3 Rxb3 60. Nxf5 Bf6 61. Rd6 Kg6 62. Ne7+ Kf7 63. Nc8 b5 64. cxb5 Rb2+ 65. Kf3 Rb3+ 66. Kg4 Rxb5 67. Rd3 Rb4 68. Nxa7 Be5 69. Kf5 1/2-1/2

[Event "IECG WC.2005.S.00007 email"]
[Site "IECG email"]
[Date "2003.05.19"]
[Round "?"]
[White "Halwick, Floyd J Jr"]
[Black "Kizimenko, Nikolay Nikolaevich"]
[Result "0-1"]
[WhiteElo "2399"]
[BlackElo "2283"]
[PlyCount "74"]
[EventDate "2003.05.19"]
[EventType "tourn (corr)"]
[EventRounds "10"]
[SourceTitle "Corr 2008"]
[Source "ChessBase"]
[SourceDate "2008.06.24"]
[SourceVersion "1"]
[SourceVersionDate "2008.06.24"]
[SourceQuality "1"]

1. e4 c5 2. Nf3 Nc6 3. d4 cxd4 4. Nxd4 Nf6 5. Nc3 d6 6. Bg5 e6 7. Qd2 a6 8. 0-0-0 h6 9. Be3 Bd7 10. f4 b5 11. Bd3 Qc7 12. Rhe1 Na5 13. e5 b4 14. Ncb5 axb5 15. exf6 Nc4 16. Bxc4 bxc4 17. Qxb4 Rb8 18. Qd2 d5 19. Nf5 gxf6 20. Bd4 Rg8 21. Bxf6 Ra8 22. Kb1 Qa7 23. a3 Bxa3 24. bxa3 Qxa3 25. Bb2 Rb8 26. c3 Ba4 27. Rc1 Kd7 28. Nxh6 Rgf8 29. Re2 Rb7 30. Rf1 Rfb8 31. Nxf7 Rxb2+ 32. Qxb2 Rxb2+ 33. Rxb2 Qxc3 34. Ne5+ Kc7 35. Rc1 Qe3 36. g3 c3 37. Ra2 Kd6 0-1